Herkunftsländer von Touristen in den USA - Statistiken

Allgemein
  • Dieses Quiz wurde 157 mal gespielt
  • Das Durchschnittsergebnis liegt bei 13 aus 16
Antwortstatistiken
Touristenanzahl Land % Korrekt
1.8M Deutschland
99%
1.1M China
96%
20.5M Kanada
94%
14.5M Mexiko
94%
825K Spanien
94%
1.5M Japan
93%
1.6M Frankreich
92%
1M Italien
86%
1.6M Brasilien
85%
3.9M Vereinigtes Königreich
85%
950K Australien
82%
596K Argentinien
78%
1.8M Indien
69%
1.6M Südkorea
63%
932K Kolumbien
53%
572K Niederlande
40%
Keine übereinstimmenden Quizze gefunden
Verteilung der Resultate
Anzahl Personen mit jedem Resultat
Perzentil nach korrekt beantworteten Fragen
Ihre Resultats-Entwicklung
Sie haben dieses Quiz noch nicht gespielt